000 00651cab a2200217 4500
001 WB3210-38
008 090401t1996 xxu||||| |||| 00| 0 eng d
035 _a(Sirsi) u45237
041 _aeng
245 _aIACS returns
260 _c1996
350 _a0
490 _aScotsman
_v1 March 1996, 26(1)
520 _aOutlines the problems farmers with multiple business interests face when attempting to claim subsidies via IACS forms due to changes in the definition of what `one business` is.
650 _aCLAWBACKS
650 _aFARM SUBSIDIES
650 _aIACS RETURNS
690 _aRURAL PRACTICE
942 _n0
948 _c04/03/1997
999 _c28753
_d28753